UM Logo

The empirical structure of narrative identity : (Record no. 20657)

MARC details
000 -LEADER
fixed length control field 01565nam a22003257a 4500
005 - DATE AND TIME OF LATEST TRANSACTION
control field 20260305112043.0
008 - FIXED-LENGTH DATA ELEMENTS--GENERAL INFORMATION
fixed length control field 240820b ||||| |||| 00| 0 eng d
082 ## - DEWEY DECIMAL CLASSIFICATION NUMBER
Classification number DPer 155.205 J82 October-December 2020 v. 119 n. 4-6
100 ## - MAIN ENTRY--PERSONAL NAME
Personal name McLean, Kate C.
Relator term author.
9 (RLIN) 58341
245 ## - TITLE STATEMENT
Title The empirical structure of narrative identity :
Remainder of title the initial big three /
Statement of responsibility, etc. Kate C. McLean, Monisha Pasupathi, William L. Dunlop, Robyn Fivush, Matthew E. Graci, Jennifer Lodi-Smith, Moin Syed, Jonathan M. Adler, David Drustrup, Jennifer P. Lilgendahl, Dan P. McAdams, and Dan P. McAdams.
260 ## - PUBLICATION, DISTRIBUTION, ETC. (IMPRINT)
Place of publication, distribution, etc. Washington, DC ;
Name of publisher, distributor, etc. American Psychological Association ,
Date of publication, distribution, etc. October 2020.
300 ## - PHYSICAL DESCRIPTION
Extent Volume 119, pages 920-944 :
Other physical details illustration ;
Dimensions 28 cm.
500 ## - GENERAL NOTE
General note Journal of Personality and Social Psychology, vol. 119, no. 4, pages 920-944, October 2020.
650 ## - SUBJECT ADDED ENTRY--TOPICAL TERM
Topical term or geographic name as entry element Personality.
9 (RLIN) 61135
650 ## - SUBJECT ADDED ENTRY--TOPICAL TERM
Topical term or geographic name as entry element Individuality.
9 (RLIN) 19964
650 ## - SUBJECT ADDED ENTRY--TOPICAL TERM
Topical term or geographic name as entry element Psychology.
9 (RLIN) 61136
700 ## - ADDED ENTRY--PERSONAL NAME
Personal name McLean, Kate C.
Relator term author.
9 (RLIN) 58341
700 ## - ADDED ENTRY--PERSONAL NAME
Personal name Pasupathi, Monisha.
Relator term author.
9 (RLIN) 58342
700 ## - ADDED ENTRY--PERSONAL NAME
Personal name Dunlop, William L.
Relator term author.
9 (RLIN) 58343
700 ## - ADDED ENTRY--PERSONAL NAME
Personal name Fivush, Robyn.
Relator term author.
9 (RLIN) 58344
700 ## - ADDED ENTRY--PERSONAL NAME
Personal name Graci, Matthew E.
Relator term author.
9 (RLIN) 58345
700 ## - ADDED ENTRY--PERSONAL NAME
Personal name Lodi-Smith, Jennifer.
Relator term author.
9 (RLIN) 58346
700 ## - ADDED ENTRY--PERSONAL NAME
Personal name Syed, Moin.
Relator term author.
9 (RLIN) 58347
700 ## - ADDED ENTRY--PERSONAL NAME
Personal name Adler, Jonathan M.
Relator term author.
9 (RLIN) 58348
700 ## - ADDED ENTRY--PERSONAL NAME
Personal name Drustrup, David
Relator term author.
9 (RLIN) 58349
700 ## - ADDED ENTRY--PERSONAL NAME
Personal name Lilgendahl, Jennifer P.
Relator term author.
9 (RLIN) 58350
700 ## - ADDED ENTRY--PERSONAL NAME
Personal name McAdams, Dan P.
Relator term author.
9 (RLIN) 58351
700 ## - ADDED ENTRY--PERSONAL NAME
Personal name McAdams. Dan P.
Relator term author.
9 (RLIN) 58352
942 ## - ADDED ENTRY ELEMENTS (KOHA)
Source of classification or shelving scheme Dewey Decimal Classification
Koha item type Periodicals
Holdings
Withdrawn status Lost status Source of classification or shelving scheme Damaged status Not for loan Collection code Home library Current library Date acquired Total Checkouts Full call number Date last seen Price effective from Koha item type Public note
    Dewey Decimal Classification     Periodicals UM Digos College - LIC UM Digos College - LIC 08/20/2024   DPer 155.205 J826 October-December 2020 v. 119 n. 4-6 08/20/2024 08/20/2024 Periodicals Periodical Article